[Event "Budapest Spring Festival 2018"]
[Site "Budapest"]
[Date "2018.04.20"]
[Round "3"]
[White "Sedlak, Nikola"]
[Black "Horvath, Adam"]
[Result "1-0"]
[WhiteElo "2604"]
[BlackElo "2486"]
[Annotator "TA"]
[PlyCount "69"]
[EventDate "2018.??.??"]
[EventType "swiss"]
[EventCountry "HUN"]
[SourceTitle "playchess.com"]
[Source "ChessBase"]
[SourceQuality "1"]

{[%evp 13,69,7,10,7,30,21,17,19,28,20,16,26,21,24,69,28,64,66,75,77,74,62,93,83,114,62,157,135,164,152,158,139,148,141,144,132,160,166,164,88,112,117,114,103,127,120,127,118,225,220,522,489,564,537,899,872,1655,1593]} 1. d4 Nf6 2. Nf3 e6 3. Bf4 b6 4. e3 Bb7 5. Nbd2 Nh5 6. Bg5 {A47: 1 d4 Nf6 2 Nf3 b6: Torre, London and Colle Systems} Be7 7. Bxe7 Qxe7 {LiveBook: 14 Games} 8. a4 {The position is equal.} (8. e4 O-O 9. a4 a6 10. Ra3 d6 11. Bc4 Nf6 12. Bd3 e5 13. O-O Nbd7 {1-0 (61) Firouzja,A (2499)-Bruzon Batista,L (2653) Bandar e Anzali 2017}) 8... a6 $146 ({Predecessor:} 8... d6 9. a5 Nd7 10. a6 Bc6 11. d5 {1-0 (11) Georgiev,K (2515)-Andruet,G (2400) St Maxime 1984}) 9. Bd3 d6 10. O-O O-O 11. Re1 Nd7 12. e4 e5 13. c3 c5 14. Bf1 Nhf6 15. d5 g6 16. Nc4 Rab8 17. b4 Rfc8 18. Nfd2 Rc7 19. Rb1 ({White should play} 19. b5 $16) 19... Rbc8 (19... cxb4 $14 20. cxb4 Ra8) 20. b5 axb5 21. Rxb5 Ba6 22. Nxb6 Nxb6 23. Rxb6 Bxf1 24. Kxf1 Nd7 25. Rb5 c4 {[#]} 26. Rb4 (26. a5 $1 $18) 26... Nc5 {Black wants to play ...Nd3.} 27. Nxc4 Na6 28. Nb6 Rf8 29. Rc4 Rxc4 30. Nxc4 f5 (30... Qc7 $16 {was necessary.} 31. Qe2 Nc5) 31. exf5 $18 Qh4 $2 {[#]} (31... Nc5 32. Qb1 Qf6) 32. Nxd6 {White is clearly winning.} Qxh2 33. Qg4 e4 34. Nxe4 Rxf5 35. Ng3 {Precision: White = 80%, Black = 46%.} 1-0

[Event "Budapest Spring Festival 2018"]
[Site "Budapest"]
[Date "2018.04.20"]
[Round "3"]
[White "Deac, Bogdan-Daniel"]
[Black "Donchenko, Anatoly"]
[Result "1-0"]
[WhiteElo "2578"]
[BlackElo "2309"]
[Annotator "TA"]
[PlyCount "93"]
[EventDate "2018.??.??"]
[EventType "swiss"]
[EventCountry "HUN"]
[SourceTitle "playchess.com"]
[Source "ChessBase"]
[SourceQuality "1"]

{[%evp 28,93,48,39,58,33,37,27,55,56,57,35,50,50,58,60,48,52,64,52,48,56,36,15,59,60,65,76,102,105,393,379,542,544,537,494,584,556,477,501,484,508,493,433,516,502,651,650,645,648,645,627,676,630,617,608,608,605,1351,1251,1353,1330,1239,1232,1013,868,1249,29969]} 1. e4 c5 2. Nf3 e6 3. d4 cxd4 4. Nxd4 Nf6 5. Nc3 d6 6. g4 h6 7. h4 Nc6 8. Rg1 h5 9. gxh5 Nxh5 10. Bg5 Nf6 11. Qd2 a6 12. O-O-O Qb6 13. Nb3 Bd7 14. Bg2 {[%cal Bf1g2,Bg2f3,Bf3e2][%mdl 32]} Qc7 {B81: Sicilian Scheveningen: Keres Attack} 15. f4 {[%cal Bf2f4,Bf4f5][%mdl 32] LiveBook: 6 Games} Be7 (15... Nh7 16. f5 Rc8 17. Bf4 Ne5 18. fxe6 fxe6 19. Bh3 Nf6 20. Qg2 Rxh4 21. Bg5 Rh8 {1-0 (34) Baskin,R (2311)-Guliyev,N (2565) Germany 2017}) 16. Rge1 {Hoping for e5!} O-O-O $1 {White is slightly better.} 17. Bf3 $146 ({Predecessor:} 17. Nd5 exd5 18. exd5 Nxd5 19. Bxd5 f6 20. Bxc6 Bxc6 21. Nd4 fxg5 22. Ne6 {0-1 (31) Balashov,Y-Andersson,U Cienfuegos 1975}) 17... Be8 18. Rg1 g6 19. Qf2 Nh5 20. f5 Bxg5+ 21. hxg5 Kb8 22. Be2 Bd7 {[%cal Re6f5]} 23. f6 Ne5 24. Rd2 b5 25. Rgd1 Bc6 26. a3 {[%cal Ba2a3,Ba3a4,Ba4b5,Bb5a6][%mdl 32]} Rd7 27. Kb1 Rhd8 28. Rd4 Bb7 $2 {[%mdl 8192] [#]} (28... Qb6 $16) 29. a4 $18 Nc6 (29... Qb6 {was called for.} 30. Qh2 (30. axb5 axb5 31. Qh2 Ba6 $18) 30... Bc6 31. axb5 axb5 32. Nxb5 (32. Bxh5 gxh5 33. Rb4 Qa6 $16) 32... Bxb5) 30. axb5 {White is clearly winning.} Nxd4 31. Rxd4 (31. Qxd4 Nf4 $16) (31. Nxd4 axb5 32. Nb3 (32. Bxb5 e5 $14) (32. Ncxb5 Qb6 $11) (32. Ndxb5 Qc5 $11) 32... Ba8 $16) 31... d5 32. bxa6 Qg3 33. Qxg3+ Nxg3 34. Nc5 ({Weaker is} 34. axb7 dxe4 35. Rxd7 Rxd7 $18) 34... Nxe2 35. Nxe2 Bxa6 36. Nxa6+ Ka7 37. Nc5 Rc7 38. Nd3 Rdc8 39. Nc3 dxe4 40. Nb5+ Kb6 41. Nxc7 exd3 42. Nxe6 dxc2+ 43. Kc1 fxe6 {KR-KR} 44. Rd6+ Kc5 45. Rxe6 Kd5 46. Re2 Rc4 47. Rf2 {Precision: White = 74%, Black = 32%.} 1-0

[Event "Budapest Spring Festival 2018"]
[Site "Budapest"]
[Date "2018.04.20"]
[Round "3"]
[White "Vajda, Levente"]
[Black "Barski, Radoslaw"]
[Result "1-0"]
[WhiteElo "2577"]
[BlackElo "2432"]
[Annotator "TA"]
[PlyCount "67"]
[EventDate "2018.??.??"]
[EventType "swiss"]
[EventCountry "HUN"]
[SourceTitle "playchess.com"]
[Source "ChessBase"]
[SourceQuality "1"]

{[%evp 24,67,43,44,60,17,20,21,49,54,47,47,79,59,53,60,67,56,68,56,172,161,162,160,159,183,158,167,234,210,231,188,264,269,321,298,325,315,317,314,316,316,618,606,562,551]} 1. e4 e5 2. Nf3 Nc6 3. Bc4 Bc5 4. c3 Nf6 5. d3 d6 6. Nbd2 a6 7. Bb3 Ba7 8. Nf1 Ne7 {C54: Giuoco Piano: 4 c3 Nf6, main lines with 5 d4 and 5 d3} 9. Ng3 Ng6 10. O-O O-O 11. h3 h6 12. Be3 c6 13. d4 {LiveBook: 7 Games} exd4 14. Bxd4 c5 15. Be3 {[#]} b5 $146 ({Predecessor:} 15... Re8 16. Qd2 Nxe4 17. Nxe4 Rxe4 18. Qd3 Bf5 19. Rad1 Qc8 20. Bc2 Rf4 21. Qd2 Rxf3 {0-1 (21) Charbonneau,P (2427)-Krasenkow,M (2651) Bled 2002}) 16. Qd2 c4 {[#] ...Bxe3 is the strong threat.} 17. Bc2 Ne5 18. Nh2 Bxe3 19. Qxe3 Re8 20. Rad1 Bb7 21. Qd4 d5 (21... Ng6 $14) 22. f4 $18 Nd3 23. Bxd3 cxd3 24. e5 Ne4 25. Rxd3 Qc7 (25... a5 $142) 26. Ng4 Rad8 27. Rfd1 Nc5 (27... Bc8 $142 28. Nxe4 dxe4 29. Qxd8 Rxd8 30. Rxd8+ Kh7) 28. R3d2 Ne4 29. Nxe4 dxe4 30. Qxd8 Rxd8 31. Rxd8+ Kh7 32. Ne3 Qc5 $2 {[#]} (32... b4 33. cxb4 Qb6) 33. Kf2 b4 34. Rb8 {Precision: White = 85%, Black = 28%.} 1-0

[Event "Budapest Spring Festival 2018"]
[Site "Budapest"]
[Date "2018.04.20"]
[Round "3"]
[White "Savchenko, Boris"]
[Black "Rakotomaharo, Fy Antenaina"]
[Result "1-0"]
[WhiteElo "2563"]
[BlackElo "2415"]
[Annotator "TA"]
[PlyCount "81"]
[EventDate "2018.??.??"]
[EventType "swiss"]
[EventCountry "HUN"]
[SourceTitle "playchess.com"]
[Source "ChessBase"]
[SourceQuality "1"]

{[%evp 16,81,30,11,27,31,31,0,14,-12,-10,-5,-4,-13,0,0,0,-49,-11,-18,17,-4,63,61,106,108,109,75,63,48,202,135,205,177,229,239,334,348,444,440,449,472,468,470,458,345,449,460,451,453,506,501,504,504,468,487,472,441,451,446,545,530,708,715,29985,12841,29998,29999]} 1. c4 e5 2. g3 Nf6 3. Bg2 c6 4. Nf3 e4 5. Nd4 d5 6. cxd5 Qb6 7. Nb3 a5 8. a4 cxd5 9. Nc3 d4 {A23: English Opening: 1...e5 2 Nc3 Nf6 3 g3 c6} (9... Bb4 10. O-O O-O 11. d3 Rd8 12. Nb5 Nc6 13. Bf4 Ne8 14. dxe4 d4 15. Nc1 Be6 16. Nd3 Rac8 17. Rc1 {1-0 (36) Silva,F (2335)-Pereira,A (2300) Lisbon 1995}) 10. Nb5 Nc6 11. d3 $146 ({Predecessor:} 11. O-O d3 12. exd3 exd3 13. Qe1+ Be6 14. Bh3 Nd8 15. Bxe6 Nxe6 16. Qe3 Nd5 17. Qxd3 {½-½ (37) Schindler,S (1810)-Gonzalez Pruneda,A (1600) IECG email 2003}) 11... Bb4+ {The position is equal.} 12. Bd2 e3 13. fxe3 dxe3 14. Bc3 Ng4 15. O-O $36 {[%mdl 2048] Black is under pressure.} O-O 16. Qe1 Bd7 17. d4 Rac8 18. Rf4 Bxc3 (18... Nf2 $11) 19. bxc3 $14 {Nc5 is the strong threat.} Nb8 20. Nc5 Nf2 21. Nxd7 Nxd7 22. Qb1 Qd8 $2 (22... Nf6 $14) 23. Qb3 Nb6 {[#]} (23... Qb6 $16 24. c4 Qe6) 24. Na3 $1 $18 Rc6 (24... h6 {keeps fighting.} 25. Rb1 Qc7) 25. c4 ({Much less strong is} 25. Bxc6 $6 bxc6 26. Rf3 Nh3+ 27. Kh1 Nd5 $16) 25... g5 {[#]} 26. Rf5 $1 Qxd4 27. Nc2 Qxc4 28. Qxc4 Nxc4 29. Bxc6 bxc6 30. Rxg5+ Kh8 {Hoping for ...Nh3+.} 31. Rc5 Nd2 32. Ra3 Rb8 33. Nxe3 Rb1+ 34. Kg2 ({Less strong is} 34. Kxf2 Ne4+ 35. Kg2 Nxc5 $16) 34... Nfe4 35. Rxc6 Re1 36. Rc8+ Kg7 37. Nf5+ Kg6 38. Nh4+ Kh5 39. Re3 Ra1 40. Rg8 Rxa4 41. g4+ {Precision: White = 61%, Black = 18%.} 1-0

[Event "Budapest Spring Festival 2018"]
[Site "Budapest"]
[Date "2018.04.20"]
[Round "3"]
[White "Boruchovsky, Avital"]
[Black "Kozak, Adam"]
[Result "1-0"]
[WhiteElo "2559"]
[BlackElo "2440"]
[Annotator "TA"]
[PlyCount "75"]
[EventDate "2018.??.??"]
[EventType "swiss"]
[EventCountry "HUN"]
[SourceTitle "playchess.com"]
[Source "ChessBase"]
[SourceQuality "1"]

{[%evp 23,75,0,0,0,0,0,28,8,12,8,4,12,50,37,53,45,39,31,47,0,12,0,67,60,60,61,53,61,103,87,91,87,105,108,108,70,141,137,128,129,112,104,133,65,65,65,65,0,385,398,1039,1012,2963,2077]} 1. Nf3 d5 2. g3 c6 3. Bg2 Bg4 4. O-O e6 5. d3 Nf6 6. Nbd2 Be7 7. h3 Bh5 8. e4 O-O 9. Qe2 {A07: Réti Opening: New York and Capablanca Systems} (9. Qe1 a5 10. Nh2 dxe4 11. dxe4 e5 12. Nc4 Nfd7 13. a4 Na6 14. Ng4 f6 15. Nge3 Nb4 16. Bd2 b6 {1-0 (41) Caruana,F (2804)-So,W (2770) Paris 2016}) 9... Nbd7 10. g4 Bg6 11. Nh4 dxe4 12. Nxg6 hxg6 {LiveBook: 3 Games} 13. dxe4 e5 {[#]} 14. a4 $146 ({Predecessor:} 14. g5 Nh5 15. h4 Nc5 16. Nc4 {½-½ (40) Bachmann,A (2610)-Kropff,R (2224) Florianopolis 2016}) 14... Ne8 15. Nc4 Nd6 16. Rd1 Nxc4 17. Qxc4 g5 18. Be3 a5 19. Qd3 Nc5 20. Qc3 $36 {[%mdl 2048] White has the initiative.} Nd7 21. Qd3 Nc5 22. Qc4 ({White should play} 22. Qa3 $11 Nd7 23. Qd3) 22... Nd7 $14 23. c3 Qc7 24. Bf1 Rfd8 25. b4 c5 26. bxa5 Rxa5 27. Qb3 Nb6 28. Rxd8+ Bxd8 29. Bb5 Kf8 (29... Nc8 $1 $14) 30. c4 Be7 31. Rd1 Ra8 32. Qa3 $1 f6 33. a5 (33. Kg2 $16) 33... Nc8 34. Rd7 Qxa5 35. Qd3 ({Better is} 35. Qxa5 $14 Rxa5 36. Rxb7) 35... Kf7 $2 {[%mdl 8192] [#]} (35... Qe1+ $11 {and Black stays safe.} 36. Kg2 (36. Qf1 Qc3 $11) 36... g6 37. Rd8+ (37. Rxb7 $2 Ra1 $19) 37... Bxd8 38. Qxd8+ Kg7 39. Qc7+ Kh6) 36. Kg2 $1 $18 Qe1 $2 {[#]} (36... Kg6 37. Qd1 (37. Rxb7 Qe1 $16) 37... Qa1) 37. Rd8 $1 Kg6 38. Rh8 {Precision: White = 69%, Black = 33%.} 1-0

[Event "Budapest Spring Festival 2018"]
[Site "Budapest"]
[Date "2018.04.20"]
[Round "3"]
[White "Nguyen, Thai Dai Van"]
[Black "Veinberg, Nimrod"]
[Result "1/2-1/2"]
[WhiteElo "2539"]
[BlackElo "2368"]
[Annotator "TA"]
[PlyCount "118"]
[EventDate "2018.??.??"]
[EventType "swiss"]
[EventCountry "HUN"]
[SourceTitle "playchess.com"]
[Source "ChessBase"]
[SourceQuality "1"]

{[%evp 30,118,30,-25,-24,-27,0,-6,38,37,45,-11,-12,-7,-7,-9,-10,-14,-8,-4,0,0,0,-59,-59,-66,-59,-106,-78,-72,-76,-75,-83,-192,-194,-138,-111,-89,-93,-189,-223,-206,-160,-298,-225,-233,-241,-549,-536,-696,-629,-6232,-6232,-2454,-341,-325,-286,-245,-240,-337,-309,-334,-329,-325,-318,-320,-311,-292,-290,-307,-300,-292,-277,-29966,-29967,-29974,-29975,-29975,-29976,-29976,-29977,-29976,-29977,-29977,-29978,-29978,-29979,-29979,-29980,-29979,-29975]} 1. e4 e5 2. Nf3 Nc6 3. Bb5 a6 4. Ba4 Nf6 5. O-O Be7 6. Re1 b5 7. Bb3 d6 8. c3 O-O 9. h3 Bb7 10. d4 Nd7 11. Nbd2 exd4 {C92: Closed Ruy Lopez: 9...Be6, Karpov and Flohr-Zaitsev Variations} 12. cxd4 Bf6 13. Nf1 Na5 14. Bc2 Re8 15. Ng3 (15. Ne3 Bxe4 16. Bd2 Bxc2 17. Qxc2 Nc4 18. Nxc4 Rxe1+ 19. Rxe1 bxc4 20. Qxc4 {½-½ (60) Shankland,S (2671)-Bu,X (2725) Liaocheng 2018}) 15... g6 16. Bf4 {LiveBook: 15 Games} (16. Nh2 $142) 16... c5 $11 17. b3 {[#]} cxd4 $146 ({Predecessor:} 17... Nc6 18. Be3 Rc8 19. Rc1 cxd4 20. Nxd4 Nxd4 21. Bxd4 {0-1 (84) Pruijssers,R (2503)-Van den Doel,E (2565) Netherlands 2015}) 18. Nxd4 d5 19. Rc1 Rc8 20. Bb1 ({White should play} 20. Ndf5 $1 $14) 20... Rxc1 21. Bxc1 dxe4 22. Bxe4 Nc5 {[%cal Bd7c5,Bc5d3,Bd3f2][%mdl 32]} 23. Bxb7 {Black must now prevent Rxe8+.} Rxe1+ 24. Qxe1 {Hoping for Nc6.} Nd3 25. Nc6 ({Much worse is} 25. Ne6 fxe6 26. Qxe6+ Kg7 $15) 25... Nxc6 26. Qd1 (26. Qe4 $11 Nxc1 27. Qxc6 Nxa2 28. Bxa6) 26... Bd4 $1 $15 {[%cal Rd4f2]} 27. Be3 {[#]} Nxf2 $1 {[%mdl 512]} 28. Qf3 {[#] Strongly threatening Qxf2.} (28. Bxf2 Bxf2+) 28... Nd1 $1 {[%mdl 512]} 29. Bxd4 (29. Qxd1 Bxe3+) 29... Qxd4+ 30. Kh2 Ne5 31. Qf1 (31. Qe4 $17 Qxe4 32. Nxe4) 31... Ne3 $19 32. Qe1 Qf4 33. Kg1 Nd3 34. Qd2 (34. Qc3 $17) 34... Qd4 $1 35. Kh2 h5 $36 {[%mdl 2048] White is under strong pressure.} 36. Qe2 (36. Be4 $17 {was forced.} Nf1+ 37. Nxf1 Qxe4 38. Qg5) 36... Nf4 37. Qe1 Qe5 38. Kg1 $2 (38. Kh1 Nd3 39. Qa5 Nf2+ 40. Kh2) 38... Nd3 39. Qd2 Qxg3 40. Qxd3 Qe1+ 41. Kh2 h4 $2 (41... Nf1+ 42. Kh1 Nd2+ 43. Kh2 h4 44. Bxa6 Nf1+ 45. Qxf1 Qxf1) 42. Qe4 Qf2 {And now ...Nf1+ would win.} 43. Qb1 g5 44. Qc1 (44. a4 {keeps fighting.}) 44... b4 45. Bf3 a5 46. Qc8+ Kg7 {( -> ...Qg3+)} 47. Qc1 Nf1+ 48. Kh1 Nd2 49. Bc6 Qd4 50. Bb7 Qd3 51. Ba6 $2 (51. Kh2 $19) 51... Qxa6 {Black mates.} 52. Qxd2 {[%mdl 4096] Endgame [#] KQ-KQ} Qf1+ $1 53. Kh2 {[#]} Qf4+ $1 54. Qxf4 gxf4 {[%cal Bg5f4,Bf4f3][%mdl 32] KP-KP} 55. Kg1 Kf6 56. Kf2 Ke5 57. Kf3 Kf5 58. Kf2 Ke4 59. Ke2 {[#]} f3+ $1 {[%mdl 33280] Precision: White = 39%, Black = 82%. . An unexpected result.} 1/2-1/2

[Event "Budapest Spring Festival 2018"]
[Site "Budapest"]
[Date "2018.04.20"]
[Round "3"]
[White "Aryan Chopra"]
[Black "Bakalchuk, Johnatan"]
[Result "1-0"]
[WhiteElo "2523"]
[BlackElo "2410"]
[Annotator "TA"]
[PlyCount "61"]
[EventDate "2018.??.??"]
[EventType "swiss"]
[EventCountry "HUN"]
[SourceTitle "playchess.com"]
[Source "ChessBase"]
[SourceQuality "1"]

{[%evp 26,61,37,23,40,30,108,100,133,131,120,123,135,102,110,123,154,143,144,129,150,145,173,172,243,184,250,233,235,222,1155,1142,1139,1139,6620,29952,29944,6052]} 1. e4 c5 2. Nf3 g6 3. d4 cxd4 4. Nxd4 Nc6 5. c4 Bg7 6. Be3 Nf6 7. Nc3 Ng4 8. Qxg4 Nxd4 9. Qd1 e5 10. Be2 O-O 11. O-O d6 12. Nb5 {B39: Sicilian: Maroczy Bind with 5...Bg7 and 7...Ng4} Nxb5 13. cxb5 Be6 14. Qa4 {LiveBook: 3 Games. White is slightly better.} f5 15. f3 {[%cal Bf2f3,Bf3e4][%mdl 32]} fxe4 (15... Qd7 $11 {keeps the balance.}) 16. fxe4 $16 Qe7 17. Rxf8+ Bxf8 18. Bc4 Qd7 19. Qb3 Bxc4 20. Qxc4+ Kg7 $146 {[#]} 21. Rc1 $1 b6 22. Qd5 Re8 23. a4 Be7 24. Rc6 Rf8 (24... Kh8 $142 25. h3 Rf8) 25. Qd2 {And now Bh6+ would win.} Rf7 (25... Rd8 $142 26. h3 d5) 26. Bh6+ $18 Kg8 27. Qc2 {Rc8+ is the strong threat.} Qg4 $2 (27... Bf8) 28. Rc8+ Bf8 {[#]} 29. h3 $1 {[%cal Rh3g4]} ({Not} 29. Bxf8 Rxf8 30. Qc4+ Kg7 $14) 29... Qh4 30. Rxf8+ Rxf8 31. Qc4+ {Precision: White = 89%, Black = 14%.} 1-0

[Event "Budapest Spring Festival 2018"]
[Site "Budapest"]
[Date "2018.04.20"]
[Round "3"]
[White "Gonda, Laszlo"]
[Black "Drazic, Sinisa"]
[Result "1-0"]
[WhiteElo "2510"]
[BlackElo "2394"]
[Annotator "TA"]
[PlyCount "103"]
[EventDate "2018.??.??"]
[EventType "swiss"]
[EventCountry "HUN"]
[SourceTitle "playchess.com"]
[Source "ChessBase"]
[SourceQuality "1"]

{[%evp 18,103,34,15,43,48,50,35,55,59,47,44,52,47,52,38,64,62,56,62,51,43,49,47,72,69,78,77,146,140,138,67,73,59,58,57,62,25,65,76,86,68,83,92,214,193,293,262,1460,259,328,320,478,341,511,472,650,404,458,350,352,343,309,291,476,476,847,833,822,798,1523,1470,2141,1866,29977,29978,29982,29983,29989,29990,29990,29988,29983,29984,5297,3268,3028,2921]} 1. Nf3 c5 2. c4 b6 3. g3 Bb7 4. Bg2 g6 5. Nc3 Bg7 6. O-O Nf6 7. d4 Ne4 8. Nxe4 Bxe4 9. d5 O-O 10. Qb3 {LiveBook: 6 Games. A30: Symmetrical English: Double Fianchetto and Hedgehog} (10. Bh3 Bxf3 11. exf3 e6 12. f4 a6 13. Rb1 exd5 14. Qxd5 Nc6 15. Qxd7 Qxd7 16. Bxd7 Nb4 17. a3 Nd3 {½-½ (31) Reinderman,D (2581)-Bruzon Batista,L (2691) Wijk aan Zee 2012}) 10... d6 11. Bh3 Bxf3 12. exf3 {White is slightly better.} Nd7 13. Re1 Re8 14. f4 {[%cal Bf3f4,Bf4f5][%mdl 32]} a6 $146 ({Predecessor:} 14... Nf8 15. f5 gxf5 16. Bxf5 e6 17. dxe6 fxe6 {1-0 (34) Casafus,R (2350)-Mateo,R (2385) Rio Gallegos 1986}) 15. a4 Rb8 16. f5 b5 17. axb5 axb5 18. cxb5 Ne5 19. fxg6 hxg6 20. Bf1 Qc8 21. Ra4 Qb7 22. Bf4 Kf8 {[#]} (22... c4 $142 23. Bxc4 Nxc4) 23. Bxe5 $1 $16 Bxe5 24. Rae4 (24. Rxe5 $16 dxe5 25. Qe3) 24... Bf6 $14 25. h4 {[%cal Bh2h4,Bh4h5][%mdl 32]} Kg7 $1 26. Be2 Rh8 27. Ra1 Bd4 28. Rf4 Ra8 29. Ra3 $36 {[%mdl 2048] White has some pressure.} Rhf8 30. h5 g5 (30... Rh8 $16) 31. Rf5 $18 Bf6 (31... f6 $142 32. Qc2 Rab8) 32. Qe3 Kh6 $2 (32... Rg8 33. Qf3 Rh8) 33. Qe4 $2 (33. Qf3 Kh7 34. Rxf6) 33... Rxa3 34. bxa3 {[%cal Bb2a3,Ba3a4][%mdl 32] And now Qf3 would win.} Qa8 (34... Rh8 $142 35. a4 Qa8) 35. a4 Kg7 (35... Rh8 $142 36. Kg2 Kg7) 36. Qg4 Kh6 37. Bd3 {Threatening mate with Rxf6+!} Rh8 38. Kf1 Qa5 39. Kg2 Qc3 40. Rf3 Kg7 $2 (40... Qa5 {might work better.} 41. Qe4 Kg7) 41. b6 {[%cal Bb5b6,Bb6b7][%mdl 32]} Qa5 (41... Qb3 $142 42. a5 Qb2) 42. b7 Qc7 43. Ba6 Qb6 44. Qc8 c4 {[#]} 45. h6+ $1 {[%mdl 512]} Kh7 (45... Kxh6 46. Rxf6+) 46. Bxc4 Qd8 47. Qh3 Rg8 48. Bd3+ Kh8 49. Qf5 {[%csl Gd3][%cal Rf5h7]} Rg6 50. Qc8 Rg8 51. Bf5 g4 52. Rb3 {Precision: White = 73%, Black = 34%.} 1-0

[Event "Budapest Spring Festival 2018"]
[Site "Budapest"]
[Date "2018.04.20"]
[Round "3"]
[White "Golubka, Petro"]
[Black "Skomorokhin, Roman"]
[Result "1/2-1/2"]
[WhiteElo "2509"]
[BlackElo "2387"]
[Annotator "TA RC"]
[PlyCount "49"]
[EventDate "2018.??.??"]
[EventType "swiss"]
[EventCountry "HUN"]
[SourceTitle "playchess.com"]
[Source "ChessBase"]
[SourceQuality "1"]

{[%evp 14,49,13,13,60,20,58,23,60,28,35,22,48,42,44,45,56,42,44,4,14,0,13,13,16,6,9,8,10,0,0,0,0,0,0,0,0,0]} 1. d4 Nf6 2. Nf3 d5 3. c4 dxc4 4. e3 Bg4 5. Bxc4 e6 6. h3 Bh5 7. Qb3 Bxf3 8. gxf3 {LiveBook: 26 Games} b6 {[%cal Bb7b6,Bb6b5][%mdl 32] D25: Queen's Gambit Accepted: 4 e3: sidelines and 4...Bg4} (8... Nbd7 9. Qxb7 c5 10. dxc5 Bxc5 11. Nc3 Rb8 12. Qa6 O-O 13. Bb3 Ne5 14. Qe2 Rb4 15. Rg1 Rh4 16. f4 {0-1 (24) Paragua,M (2520)-Stukopin,A (2577) Philadelphia 2017}) 9. Nc3 c6 10. Bd2 $146 ({Predecessor:} 10. f4 b5 11. Be2 Nbd7 12. Bf3 Rc8 13. Bd2 Nb6 14. a4 b4 15. Ne4 Nxe4 16. Bxe4 {1-0 (43) Reichenbach,W-Gerusel,M Oberursel 1972}) 10... b5 {White has an edge.} 11. Be2 Nbd7 {[%cal Bb8d7,Bd7f6,Bf6d5][%mdl 32]} 12. Rc1 a6 13. a4 Be7 14. Ne4 Rc8 15. axb5 axb5 16. Nxf6+ Nxf6 {The position is equal.} 17. f4 O-O 18. Bf3 Qd6 19. Ke2 Nd5 20. Rc2 Ra8 21. Rhc1 Ra6 22. Rc5 Qd7 23. R5c2 Qd6 24. Rc5 Qd7 25. R5c2 {Precision: White = 52%, Black = 54%.} 1/2-1/2

[Event "Budapest Spring Festival 2018"]
[Site "Budapest"]
[Date "2018.04.20"]
[Round "3"]
[White "Christiansen, Johan-Sebastian"]
[Black "Spalir, Jernej"]
[Result "1-0"]
[WhiteElo "2498"]
[BlackElo "2363"]
[Annotator "TA"]
[PlyCount "135"]
[EventDate "2018.??.??"]
[EventType "swiss"]
[EventCountry "HUN"]
[SourceTitle "playchess.com"]
[Source "ChessBase"]
[SourceQuality "1"]

{[%evp 34,135,19,18,41,16,19,18,18,18,18,16,48,45,45,36,34,8,16,18,87,40,72,12,87,0,0,0,0,0,256,309,277,272,270,236,328,310,505,229,258,245,239,252,251,238,237,224,233,224,224,222,306,186,227,191,184,207,231,230,226,227,421,210,266,265,261,244,284,235,377,370,364,330,334,248,330,248,285,280,262,283,270,269,264,258,281,212,210,158,164,0,208,210,274,270,352,322,472,472,464,456,449,432]} 1. e4 e5 2. Nf3 Nc6 3. Bb5 a6 4. Ba4 Nf6 5. O-O Be7 6. Re1 b5 7. Bb3 d6 8. c3 O-O 9. h3 Na5 10. Bc2 c5 11. d4 Nd7 12. Nbd2 exd4 13. cxd4 Nc6 14. d5 Nce5 15. a4 {C96: Closed Ruy Lopez: Chigorin Defence: 11 d4, replies other than 11...Qc7} Rb8 (15... Bb7 16. Nxe5 Nxe5 17. f4 Ng6 18. Nf3 Re8 19. axb5 axb5 20. Rxa8 Qxa8 21. b3 Bd8 22. f5 Nf8 {1-0 (54) Shirov,A (2630)-Howell,D (2701) Douglas 2017}) 16. Nxe5 Nxe5 17. f4 Ng6 18. Nf3 {LiveBook: 13 Games} f5 19. exf5 Bxf5 20. Bxf5 Rxf5 21. axb5 axb5 22. g4 Rf7 23. f5 $146 Nf8 24. Bf4 Ra8 25. Qe2 Rxa1 26. Rxa1 Qb6 (26... g6 $1 $11) 27. Kh2 h6 28. h4 (28. Nd2 $16) 28... h5 (28... Qb7 $11 {remains equal.}) 29. g5 ({White should try} 29. Ng5 $16 Bxg5 30. hxg5) 29... Qb7 $11 30. Qe4 $36 {[%mdl 2048] White has some pressure.} Qd7 31. g6 Rxf5 $2 {[%mdl 8192]} (31... Rf6 $1 $11 32. Bg5 Qxf5 33. Qxe7 Nxg6 34. Qd8+ (34. Ra8+ $2 Kh7 $19) 34... Rf8 35. Qxd6 Qxf3 36. Qxg6 Qf2+ 37. Kh1 Qf3+ 38. Kh2 Qf2+ 39. Kh1 Qf3+ 40. Kh2) 32. Ra8 $18 Bf6 33. Bg5 {[#] Black must now prevent Qe6+.} Be5+ ({Wrong is} 33... Bxb2 $2 34. Qe6+ Qxe6 35. dxe6 $18) 34. Kh1 (34. Nxe5 Rxe5 35. Qf4 Re8 $17) 34... c4 35. Kg2 b4 $2 (35... Rf6 {keeps fighting.} 36. Bxf6 (36. Nxe5 dxe5 37. Bxf6 gxf6 $16) 36... gxf6) 36. Qxc4 (36. Nd4 $142 Bxd4 37. Qe6+ Qxe6 38. dxe6) 36... Rxf3 37. Kxf3 {Intending Qc8 and mate.} Qh3+ 38. Ke2 Qg2+ {[#]} 39. Kd1 $1 {Threatening mate with Rxf8+!} Qh1+ 40. Kc2 {White wants to mate with Rxf8+!} Qg2+ 41. Bd2 {Threatens to win with Qd3.} Qxg6+ 42. Kb3 Qg3+ 43. Ka2 {Strongly threatening Qf1.} Qf2 44. Bc1 Kh7 45. Qxb4 Ng6 46. Bg5 Qg2 47. Ra5 Nf8 $2 (47... Qf2 {was necessary.} 48. Ra4 Qe2) 48. Qb5 (48. Be7 $142) 48... Qe4 49. Ra4 Qc2 50. Rc4 Qg2 51. Rb4 Ng6 (51... Qf3 $142 52. Qc4 Ng6) 52. Qd3 Qf2 53. Be3 Qe1 54. Bd2 Qf2 55. Bg5 Qe1 56. Re4 Qa5+ 57. Kb1 Kg8 58. Re2 Nf8 59. Qf3 Nd7 60. Qxh5 Qxd5 61. Qe8+ Kh7 {...Qd1+ is the strong threat.} 62. Qh5+ ({And not} 62. Qxd7 Qd1+ 63. Bc1 Qxe2 $11) 62... Kg8 {intending ...Nf6.} 63. Qg4 Qd1+ 64. Bc1 Qd3+ 65. Rc2 Nc5 (65... Nb6 $142 66. Qb4 Nd5) 66. Qc4+ {White is clearly winning.} Qxc4 67. Rxc4 Kf7 68. Bf4 {Precision: White = 57%, Black = 42%.} 1-0